[Event "Tournament (Elo) (b)"]
[Site "masterchessopen.com Budapest (Hungary)"]
[Date "2006.05.06"]
[Round "1"]
[White "Keresztes Balazs (HUN)"]
[Black "Czimer Jozsef (HUN)"]
[Result "1-0"]
[WhiteElo "2058"]
[BlackElo "1857"]

1.e4 c5 2.Nf3 Nc6 3.d4 cxd4 4.Nxd4 Nf6 5.Nc3 d6 6.Bg5 e6 7.Qd2 a6 8.O-O-O Bd7
9.f4 Qa5 10.Nb3 Qc7 11.f5 Be7 12.Bd3 Rc8 13.Kb1 Ne5 14.Rhf1 Nc4 15.Bxc4 Qxc4
16.e5 Nd5 17.Bxe7 Nxc3+ 18.bxc3 d5 19.fxe6 Bxe6 20.Bb4 b6 21.Qg5 {#r} 1-0

[Event "It (cat.3)"]
[Site "masterchessopen.com Balatonlelle (Hungary)"]
[Date "2006.06.21"]
[Round "5"]
[White "Szabo Zsolt (HUN)"]
[Black "Brueggemann Joachim (GER)"]
[Result "1-0"]
[WhiteElo "2142"]
[BlackElo "2353"]

1.e4 c5 2.Nf3 Nc6 3.d4 cxd4 4.Nxd4 Nf6 5.Nc3 d6 6.Bg5 e6 7.Qd2 a6 8.O-O-O Bd7
9.f4 b5 10.Bxf6 gxf6 11.Kb1 Qb6 12.Nxc6 Bxc6 13.Qe1 O-O-O 14.Bd3 Qc5 15.f5 Kb8
16.Rf1 e5 17.Nd5 Bxd5 18.exd5 Bh6 19.Rf3 Rd7 20.Be4 Rc7 21.Rc3 Qb4 22.a3 Qa5
23.b4 Qb6 24.Rc6 Rxc6 25.dxc6 Kc7 26.Rd3 Bf4 27.g3 Bh6 28.Qd1 {#r} 1-0

[Event "Tournament (a)"]
[Site "masterchessopen.com Novosibirsk (Russia)"]
[Date "2006.06.29"]
[Round "9"]
[White "Petrukhin Denis (RUS)"]
[Black "Arishin Sergei (KGZ)"]
[Result "1-0"]
[WhiteElo "2435"]
[BlackElo "2191"]

1.e4 c5 2.Nf3 d6 3.d4 cxd4 4.Nxd4 Nf6 5.Nc3 Nc6 6.Bg5 e6 7.Qd2 a6 8.O-O-O Bd7
9.f3 Qc7 10.Kb1 Be7 11.h4 Nxd4 12.Qxd4 b5 13.g4 Rc8 14.Qd2 b4 15.Ne2 O-O
16.Be3 a5 17.Ng3 a4 18.g5 Ne8 19.f4 Qb7 20.Bd3 b3 21.cxb3 axb3 22.a3 Bb5
23.Bxb5 Qxb5 24.Qd3 Qa4 25.Rc1 Rb8 26.Qd4 Qa6 27.Qc4 Rb5 28.Qc6 Qa5 29.Qd7 Bd8
30.Rc8 {#r} 1-0

[Event "It (open)"]
[Site "masterchessopen.com Sort (Spain)"]
[Date "2006.06.30"]
[Round "5"]
[White "Kogan Artur (ISR)"]
[Black "Mamedov Nidjat (AZE)"]
[Result "1-0"]
[WhiteElo "2564"]
[BlackElo "2549"]

1.e4 c5 2.Nf3 d6 3.d4 cxd4 4.Nxd4 Nf6 5.Nc3 Nc6 6.Bg5 e6 7.Qd2 a6 8.O-O-O Bd7
9.f4 h6 10.Bh4 g5 11.fxg5 Ng4 12.Be2 Nge5 13.Nf3 Be7 14.Rhg1 b5 15.Kb1 Qa5
16.Nxe5 Nxe5 17.g6 Bxh4 18.Qxd6 Bf6 19.gxf7+ Kxf7 20.Rgf1 Kg7 21.Rxf6 Kxf6
22.Rf1+ Kg6 23.Bh5+ {#r} 1-0

[Event "It (open)"]
[Site "masterchessopen.com Sitges (Spain)"]
[Round "8"]
[White "Neelotpal Das (IND)"]
[Black "Beltran Rueda Santiago (ESP)"]
[Result "1-0"]
[WhiteElo "2490"]
[BlackElo "2381"]

1.e4 c5 2.Nf3 d6 3.Nc3 Nc6 4.d4 cxd4 5.Nxd4 Nf6 6.Bg5 e6 7.Qd2 a6 8.O-O-O Bd7
9.f3 Be7 10.Be3 O-O 11.g4 Nxd4 12.Bxd4 Bc6 13.g5 Nd7 14.Rg1 b5 15.Bd3 b4
16.Ne2 Ne5 17.Qe3 Qa5 18.Kb1 Rab8 19.b3 Rfc8 20.f4 Nxd3 21.cxd3 Bd7 22.Qd2 e5
23.Bb2 Re8 24.d4 exf4 25.d5 f3 26.Ng3 Bg4 27.Qf4 f2 28.Rdf1 Bf6 29.gxf6 fxg1=Q
30.Qg5 {#r} 1-0

[Event "It (open)"]
[Site "masterchessopen.com Haarlem (Netherlands)"]
[Date "2006.07.09"]
[Round "6"]
[White "De Vreugt Dennis (NED)"]
[Black "Boidman Yuri (GER)"]
[Result "1-0"]
[WhiteElo "2413"]
[BlackElo "2438"]

1.e4 c5 2.Nf3 Nc6 3.d4 cxd4 4.Nxd4 Nf6 5.Nc3 d6 6.Bg5 e6 7.Qd2 a6 8.O-O-O Bd7
9.f3 h5 10.Kb1 b5 11.Nxc6 Bxc6 12.Ne2 Be7 13.Nd4 Bb7 14.h4 Qc7 15.Bd3 O-O
16.Ne2 g6 17.Rdg1 Rfc8 18.g4 hxg4 19.h5 gxf3 20.hxg6 fxe2 21.g7 Nh7 22.Bxe7 f5
23.Qh6 e1=Q+ 24.Rxe1 Kf7 25.Qxh7 Rg8 26.Bf8 {#r} 1-0

[Event "It (open)"]
[Site "masterchessopen.com Amsterdam (Netherlands)"]
[Date "2006.07.18"]
[Round "4"]
[White "Swinkels Robin (NED)"]
[Black "Pliester Leon (NED)"]
[Result "1-0"]
[WhiteElo "2378"]
[BlackElo "2370"]

1.e4 c5 2.Nf3 Nc6 3.d4 cxd4 4.Nxd4 Nf6 5.Nc3 d6 6.Bg5 e6 7.Qd2 a6 8.O-O-O Bd7
9.f4 b5 10.Bxf6 gxf6 11.Kb1 Qb6 12.Nxc6 Bxc6 13.f5 b4 14.Ne2 Bxe4 15.Ng3 Bd5
16.Nh5 Ke7 17.fxe6 fxe6 18.Nf4 Be4 19.Bd3 Bxd3 20.Qxd3 Qc6 21.Rhe1 e5 22.Qf5
Rc8 23.Nd5+ Kf7 24.Qxf6+ Kg8 25.Qg5+ Kf7 26.Rf1+ Ke8 27.Rxf8+ {#r} 1-0

[Event "It (open)"]
[Site "masterchessopen.com Balaguer (Spain)"]
[Date "2006.07.23"]
[Round "7"]
[White "Bruned Yvain (ESP)"]
[Black "Guliev Logman (AZE)"]
[Result "0-1"]
[WhiteElo "2333"]
[BlackElo "2444"]

1.e4 c5 2.Nf3 d6 3.d4 cxd4 4.Nxd4 Nf6 5.Nc3 Nc6 6.Bg5 e6 7.Qd2 a6 8.O-O-O Bd7
9.f4 b5 10.Bxf6 gxf6 11.Qe1 Be7 12.Nxc6 Bxc6 13.f5 b4 14.Ne2 e5 15.Ng3 Qa5
16.Bc4 Qc5 17.Qe2 a5 18.Kb1 a4 19.b3 Rg8 20.Rhf1 Rg5 {#R} 0-1

[Event "It (open)"]
[Site "masterchessopen.com Avoine (France)"]
[Date "2006.07.24"]
[Round "3"]
[White "Schabanel Stephane (FRA)"]
[Black "Nevednichy Vladislav (ROM)"]
[Result "0-1"]
[WhiteElo "2298"]
[BlackElo "2563"]

1.e4 c5 2.Nf3 d6 3.d4 cxd4 4.Nxd4 Nf6 5.Nc3 Nc6 6.Bg5 e6 7.Qd2 a6 8.O-O-O Bd7
9.f4 b5 10.Bxf6 gxf6 11.Kb1 Qb6 12.Nxc6 Bxc6 13.f5 h5 14.fxe6 fxe6 15.h4 Qc5
16.Bd3 b4 17.Ne2 Bh6 18.Qe1 a5 19.Rh3 Ke7 20.Qf1 Rhg8 21.Rf3 a4 22.Nf4 Bxf4
23.Rxf4 Qe5 {#R} 0-1

[Event "It (open)"]
[Site "masterchessopen.com Balaguer (Spain)"]
[Date "2006.07.25"]
[Round "9"]
[White "Barrientos Sergio (COL)"]
[Black "Mamedov Nidjat (AZE)"]
[Result "0-1"]
[WhiteElo "2421"]
[BlackElo "2549"]

{ Mamedov Nidjat (AZE) +1 =2 -4 } 1.e4 c5 2.Nf3 d6 3.d4 cxd4 4.Nxd4 Nf6 5.Nc3
Nc6 6.Bg5 e6 7.Qd2 a6 8.O-O-O Bd7 9.f4 h6 ( 9...b5 10.Bxf6 gxf6 11.Kb1 Qb6
12.Nxc6 Bxc6 13.f5 O-O-O 14.Bd3 Be7 15.Qe2 Rde8 16.Qh5 Ref8 17.Rhe1 Bd7 18.g3
Bd8 19.Ne2 Qc5 20.Nf4 Rhg8 21.Bf1 Rg7 22.Qh6 Rgg8 23.Qh5 Rg5 24.Qh6 Rgg8
25.Bh3 Re8 26.Qh5 Rgf8 27.Bg4 b4 28.Qh3 Qe5 29.Nd3 { ...1/2-1/2, Guseinov
Gadir 2585 - Mamedov Nidjat 2517 , Lahijan 30. 8.2005 It (open) } ) 10.Bh4 g5
{ ? } ( 10...Be7 11.Nf3 ( 11.Nb3 Rc8 { +0.33 CAP } ) 11...Rc8 12.Kb1 Nb8
13.Bd3 Bc6 14.e5 dxe5 15.Nxe5 O-O 16.f5 exf5 17.Qf2 g6 18.Bxf5 Nfd7 19.Bxe7
Qxe7 20.Nxd7 Bxd7 21.Nd5 Qd8 22.Be4 Rc6 23.Rhf1 f5 24.Bf3 Kh7 25.Rfe1 Rf7
26.Nf4 Qb6 27.Qg3 Rd6 28.Nd5 Qc5 29.b4 Rb6 30.Qe5 { ...1-0, Khalifman
Alexander 2655 - Aseev Konstantin N 2545 , St. Petersburg 1997 Ch St.
Petersburg } ) 11.fxg5 Ng4 12.Be2 Nge5 { ± } 13.Kb1 ( 13.Nxc6 bxc6 14.g3 Ng6
15.Rdf1 Rb8 16.Bh5 Qb6 17.b3 hxg5 18.Bxg6 gxh4 19.Rxf7 Kd8 20.Qg5+ Kc7 21.Qf6
Bh6+ 22.Kb1 hxg3 23.hxg3 Qe3 24.e5 Bg5 25.Rxd7+ Kxd7 26.Qg7+ { 1-0, Svidler
Peter 2765 - Stefansson Hannes 2470 , Gausdal 1991 It "Peer Gynt" } ) 13...Be7
14.Nf3 ( 14.Bg3 hxg5 15.Rdf1 Qc7 { +1.27 CAP } ) 14...hxg5 { +1.12 CAP } (
14...Nxf3 15.gxf3 hxg5 16.Bg3 Ne5 17.Qd4 Qa5 18.Qg1 { +0.60 CAP } ) 15.Bf2 { N
} ( 15.Bg3 b5 16.a3 ( 16.Nxe5 Nxe5 17.Rdf1 Qc7 18.Bxe5 dxe5 19.Bg4 f6 20.Rf3
O-O-O 21.h3 b4 22.Ne2 Kb8 23.Nc1 f5 24.Nd3 fxg4 25.Nxb4 Bb5 { 0-1, Hansen
Lars-Henrik Bech 2050 - Andreev Eduard 2494 , Serpukhov 27. 8.2004 It (b) } )
16...Rb8 17.Na2 a5 18.Nc1 Nxf3 19.gxf3 Ne5 20.Qd4 Qc7 21.Nd3 Bf6 22.c3 Ke7
23.Nxe5 Bxe5 24.Qe3 f6 25.f4 gxf4 26.Bxf4 b4 27.Bxe5 dxe5 28.cxb4 axb4 29.Rd3
bxa3 30.Rxa3 Qb6 31.Qxb6 Rxb6 32.Rg1 Bc6 33.Rg7+ Kf8 34.Raa7 Rxh2 { ...0-1,
Unzicker Wolfgang 2435 - Gabriel Christian 2555 , Fuerth 1998 It (open) } )
15...b5 16.a3 Rb8 17.h3 Nc4 18.Bxc4 bxc4 19.Bg3 Qb6 20.Na4 { ?! } ( 20.Qc1 {
!? } 20...Qc5 21.Ka1 a5 { } ) 20...Qb5 21.Bxd6 Qxa4 { ? } ( 21...Bxd6 22.Qxd6
Rb7 23.Nxg5 Qxa4 24.Qf4 Rf8 25.Nh7 c3 26.Nf6+ Ke7 27.Rxd7+ Rxd7 28.Nxd7 Nd4 {
} ) 22.Bxe7 Nxe7 23.Ne5 Bc6 24.Rhf1 Bxe4 25.Nxf7 O-O 26.Ne5 { ? } ( 26.Nxg5
Bf5 27.Ka1 Qxc2 28.Qxc2 Bxc2 29.Nxe6 Rxf1 30.Rxf1 Nd5 31.g4 Re8 32.Nc5 a5 { }
) 26...Rxf1 27.Rxf1 Qb5 28.Nxc4 Qxc4 29.Qxg5+ Bg6 { } {#R} 0-1

[Event "Memorial V.P.Kozlov"]
[Site "masterchessopen.com Moscow (Russia)"]
[Date "2006.08.06"]
[Round "2"]
[White "Nagibin George (RUS)"]
[Black "Cherniy Evgeniy A (RUS)"]
[Result "1-0"]
[WhiteElo "2339"]
[BlackElo "1919"]

1.e4 c5 2.Nf3 Nc6 3.d4 cxd4 4.Nxd4 Nf6 5.Nc3 d6 6.Bg5 e6 7.Qd2 a6 8.O-O-O Bd7
9.f4 h6 10.Bh4 Nxe4 11.Qe1 Nf6 12.Nf5 Qa5 13.Nxd6+ Bxd6 14.Rxd6 Ne7 15.Rd1
O-O-O 16.Nd5 Qxd5 17.Rxd5 Nexd5 18.Qe5 Bc6 19.Bc4 Rd7 20.Rd1 Rhd8 21.Rd2 b5
22.Bxd5 Bxd5 23.Bxf6 gxf6 24.Qc3+ Kb7 25.Qxf6 Bxg2 26.Qxd8 Rxd8 27.Rxd8 h5
28.Rh8 Bf3 29.Rh7 {#r} 1-0

[Event "It (cat.15)"]
[Site "masterchessopen.com Montreal (Canada)"]
[Date "2006.08.10"]
[Round "3"]
[White "Charbonneau Pascal (CAN)"]
[Black "Timofeev Artyom (RUS)"]
[Result "0-1"]
[WhiteElo "2501"]
[BlackElo "2662"]

1.e4 c5 2.Nf3 d6 3.d4 cxd4 4.Nxd4 Nf6 5.Nc3 Nc6 6.Bg5 e6 7.Qd2 a6 8.O-O-O Bd7
9.f4 h6 10.Bh4 g5 11.fxg5 Ng4 12.Nxc6 Bxc6 13.Kb1 Be7 14.Bg3 hxg5 15.Qe2 Nf6
16.Bxd6 Bxd6 17.e5 Qa5 18.exd6 Qc5 19.Qc4 Qxc4 20.Bxc4 Bxg2 21.Rhg1 Bf3
22.Rdf1 g4 23.Rf2 Rc8 24.Be2 Rxc3 25.bxc3 Ne4 26.Bxf3 gxf3 27.Rgf1 Rh3 28.Kc1
Nxf2 {#R} 0-1

[Event "It (open)"]
[Site "masterchessopen.com Porto San Giorgio (Italy)"]
[Date "2006.08.22"]
[Round "2"]
[White "Palac Mladen (CRO)"]
[Black "Schaefer Michael (GER)"]
[Result "1-0"]
[WhiteElo "2582"]
[BlackElo "2199"]

1.e4 c5 2.Nf3 d6 3.d4 cxd4 4.Nxd4 Nf6 5.Nc3 Nc6 6.Bg5 e6 7.Qd2 a6 8.O-O-O Bd7
9.f4 b5 10.Bxf6 gxf6 11.Nxc6 Bxc6 12.Qe3 h5 13.Bd3 Bh6 14.Kb1 b4 15.Ne2 Qc7
16.Qd4 Bf8 17.Qxb4 Rg8 18.Qc3 Qb7 19.Ng3 h4 20.Nh5 Rxg2 21.Nxf6+ Kd8 22.Rdg1
Rxg1+ 23.Rxg1 Qb6 24.Rg8 Ke7 25.Nh7 e5 26.fxe5 Bh6 27.exd6+ Kxd6 28.Qf6+ Kc7
29.Qxf7+ Bd7 30.Rxa8 {#r} 1-0

[Event "It (open) (b)"]
[Site "masterchessopen.com Polanica Zdroj (Poland)"]
[Date "2006.08.26"]
[Round "8"]
[White "Wieczorek Oskar (POL)"]
[Black "Gluszko Tomasz (POL)"]
[Result "0-1"]
[WhiteElo "2050"]
[BlackElo "2041"]

1.e4 c5 2.Nf3 Nc6 3.d4 cxd4 4.Nxd4 Nf6 5.Nc3 d6 6.Bg5 e6 7.Qd2 a6 8.O-O-O Bd7
9.f4 h6 10.Bh4 g5 11.fxg5 Ng4 12.Nf3 hxg5 13.Bxg5 f6 14.e5 fxg5 15.exd6 Qb6
16.Nd5 exd5 17.Re1+ Kd8 18.Qxg5+ Kc8 19.Qxd5 Bh6+ 20.Kb1 Bg7 21.b3 Qb4 22.Qc4
Qxd6 23.Be2 Qf6 {#R} 0-1

[Event "Ch Europe (juniors) (under 16)"]
[Site "masterchessopen.com Herceg Novi (Montenegro)"]
[Date "2006.09.10"]
[Round "1"]
[White "Hansen Alexei Cherstiouk (DEN)"]
[Black "Edouard Romain (FRA)"]
[Result "0-1"]
[WhiteElo "2136"]
[BlackElo "2431"]

1.e4 c5 2.Nf3 d6 3.Nc3 Nc6 4.d4 cxd4 5.Nxd4 Nf6 6.Bg5 e6 7.Qd2 a6 8.O-O-O Bd7
9.f4 b5 10.Bxb5 axb5 11.Ndxb5 Nb4 12.a3 Na2+ 13.Kb1 Nxc3+ 14.Nxc3 Be7 15.e5
dxe5 16.fxe5 Nd5 17.Ne4 Bxg5 18.Nxg5 Qe7 19.Rhf1 O-O 20.Ne4 Rfb8 21.Rf3 Bc6
22.Nd6 f6 23.Qe2 Rd8 24.Nc4 Bb5 25.exf6 Nxf6 {#R} 0-1

[Event "Ch Uzbekistan (juniors)"]
[Site "masterchessopen.com Tashkent (Uzbekistan)"]
[Date "2006.09.20"]
[Round "4"]
[White "Davletshin Bulat"]
[Black "Khamrakulov Dzhurabek (UZB)"]
[Result "0-1"]
[WhiteElo "2146"]
[BlackElo "2272"]

1.e4 c5 2.Nf3 Nc6 3.d4 cxd4 4.Nxd4 Nf6 5.Nc3 d6 6.Bg5 e6 7.Qd2 a6 8.O-O-O Bd7
9.f3 Rc8 10.g4 Be7 11.Be3 b5 12.g5 Nh5 13.Nce2 Qc7 14.Nxc6 Bxc6 15.Ng3 Nxg3
16.hxg3 d5 17.f4 dxe4 18.Rh2 Bd5 19.Bd4 f6 20.gxf6 Bxf6 21.Bxf6 gxf6 22.Be2
O-O 23.Bh5 Qc4 24.a3 Qa2 25.Qb4 e3 26.c3 Bb3 {#R} 0-1

[Event "It (open)"]
[Site "masterchessopen.com Zielona Gora (Poland)"]
[Date "2006.09.22"]
[Round "1"]
[White "Mista Aleksander (POL)"]
[Black "Sondermann Johannes (GER)"]
[Result "1-0"]
[WhiteElo "2526"]
[BlackElo "2152"]

1.e4 c5 2.Nf3 d6 3.d4 cxd4 4.Nxd4 Nf6 5.Nc3 Nc6 6.Bg5 e6 7.Qd2 a6 8.O-O-O Bd7
9.f3 b5 10.Nxc6 Bxc6 11.Ne2 Be7 12.h4 Qc7 13.Nd4 Bb7 14.Kb1 O-O 15.g4 Rfd8
16.Bd3 g6 17.h5 d5 18.hxg6 hxg6 19.Bf4 Qb6 20.Qh2 Kf8 21.Qh8+ Ng8 22.Bh6+ Ke8
23.Qxg8+ Kd7 24.Qxf7 Qxd4 25.Bxb5+ {#r} 1-0

[Event "It (open)"]
[Site "masterchessopen.com Port Erin (England)"]
[Date "2006.09.28"]
[Round "6"]
[White "Gormally Daniel (ENG)"]
[Black "Dworakowska Joanna (POL)"]
[Result "1-0"]
[WhiteElo "2519"]
[BlackElo "2372"]

1.e4 c5 2.Nf3 d6 3.d4 cxd4 4.Nxd4 Nf6 5.Nc3 Nc6 6.Bg5 e6 7.Qd2 a6 8.O-O-O Bd7
9.f3 Be7 10.Nxc6 Bxc6 11.Bd3 O-O 12.h4 b5 13.Kb1 b4 14.Ne2 a5 15.Nd4 Bd7 16.f4
e5 17.Nf5 Bxf5 18.exf5 e4 19.Be2 Qb6 20.g4 Rfd8 21.Bxf6 Bxf6 22.g5 Bc3 23.Qd5
a4 24.Bc4 Kh8 25.f6 gxf6 26.Qxe4 Ra5 27.Rd5 Rxd5 28.Qxd5 Qe3 29.Qxf7 Re8
30.bxc3 {#r} 1-0

[Event "Ch Switzerland (team) 2006"]
[Site "masterchessopen.com Switzerland"]
[Date "2006.10.01"]
[Round "9"]
[White "Renet Olivier (FRA)"]
[Black "Buss Ralph (SUI)"]
[Result "1-0"]
[WhiteElo "2512"]
[BlackElo "2339"]

1.e4 c5 2.Nf3 d6 3.d4 cxd4 4.Nxd4 Nf6 5.Nc3 Nc6 6.Bg5 e6 7.Qd2 a6 8.O-O-O Bd7
9.f4 b5 10.Bxf6 gxf6 11.Nxc6 Bxc6 12.Qe1 Be7 13.Bd3 Qb6 14.Kb1 Rg8 15.Qh4 Rxg2
16.Qxh7 b4 17.Nd5 exd5 18.exd5 {#r} 1-0

[Event "Ch World (juniors) (under 20)"]
[Site "masterchessopen.com Yerevan (Armenia)"]
[Date "2006.10.06"]
[Round "4"]
[White "Behmardi K Rustam (IRI)"]
[Black "Brandenburg Daan (NED)"]
[Result "0-1"]
[WhiteElo "2210"]
[BlackElo "2421"]

1.e4 c5 2.Nf3 d6 3.d4 cxd4 4.Nxd4 Nf6 5.Nc3 Nc6 6.Bg5 e6 7.Qd2 a6 8.O-O-O Bd7
9.f4 b5 10.Bxf6 gxf6 11.Kb1 Qb6 12.Nxc6 Bxc6 13.Qe1 Ra7 14.Bd3 Qc5 15.Qh4 a5
16.Rhe1 a4 17.Nd5 f5 18.g4 fxe4 19.Nf6+ Kd8 20.Bxe4 Kc8 21.f5 d5 22.Bd3 a3
23.Qg3 Qb4 {#R} 0-1

[Event "It (KO-system)"]
[Site "masterchessopen.com Pune (India)"]
[Date "2006.11.01"]
[Round "3"]
[White "Bakre Tejas (IND)"]
[Black "Gupta Abhijeet (IND)"]
[Result "1-0"]
[WhiteElo "2447"]
[BlackElo "2481"]

1.e4 c5 2.Nf3 d6 3.d4 cxd4 4.Nxd4 Nf6 5.Nc3 Nc6 6.Bg5 e6 7.Qd2 a6 8.O-O-O Bd7
9.f4 b5 10.Bxf6 gxf6 11.Kb1 Qb6 12.Nce2 Rc8 13.g3 b4 14.Bh3 Na5 15.b3 Nc6
16.f5 Nxd4 17.Nxd4 e5 18.Ne2 h5 19.Nc1 Ke7 20.Nd3 a5 {#r} 1-0

[Event "Ch Romania (team)"]
[Site "masterchessopen.com Predeal (Romania)"]
[Date "2006.11.05"]
[Round "2"]
[White "Berescu Alin (ROM)"]
[Black "Nemes Silviu (ROM)"]
[Result "1-0"]
[WhiteElo "2485"]
[BlackElo "2066"]

1.e4 c5 2.Nf3 Nc6 3.d4 cxd4 4.Nxd4 Nf6 5.Nc3 d6 6.Bg5 e6 7.Qd2 a6 8.O-O-O Bd7
9.f3 Be7 10.g4 Qc7 11.Be3 Nxd4 12.Bxd4 e5 13.Be3 h6 14.h4 Be6 15.Rh2 b5 16.a3
Rb8 17.g5 Nd7 18.gxh6 gxh6 19.Bxh6 Nc5 20.Bg5 f6 21.Be3 a5 22.Qe1 Qc6 23.Nd5
b4 24.Bxc5 Qxc5 25.a4 Bd7 26.Qg3 Kd8 27.Nxe7 {#r} 1-0

[Event "Ch Asia (juniors) (under 20)"]
[Site "masterchessopen.com Delhi (India)"]
[Date "2006.11.14"]
[Round "9"]
[White "Gopal G N (IND)"]
[Black "Gupta Abhijeet (IND)"]
[Result "0-1"]
[WhiteElo "2397"]
[BlackElo "2481"]

1.e4 c5 2.Nf3 d6 3.d4 cxd4 4.Nxd4 Nf6 5.Nc3 Nc6 6.Bg5 e6 7.Qd2 a6 8.O-O-O Bd7
9.f3 Be7 10.Kb1 Qc7 11.Be3 h5 12.h3 Ne5 13.f4 Nc4 14.Bxc4 Qxc4 15.e5 Nd5
16.Nxd5 Qxd5 17.Qf2 Qe4 18.exd6 Bxd6 19.Nb3 Be7 20.Bc5 Bf6 21.Rhe1 Qc4 22.Rd6
Ba4 23.Rb6 Qd5 24.Rd6 Qc4 25.Rb6 Qb5 26.Be7 {#R} 0-1

[Event "Ch Croatia"]
[Site "masterchessopen.com Kutina (Croatia)"]
[Date "2006.11.18"]
[Round "8"]
[White "Saric Ivan (CRO)"]
[Black "Jankovic Alojzije (CRO)"]
[Result "0-1"]
[WhiteElo "2482"]
[BlackElo "2533"]

{ Saric Ivan (CRO) +0 =0 -1 Jankovic Alojzije (CRO) +7 =4 -5 } 1.e4 c5 2.Nf3
d6 3.d4 cxd4 4.Nxd4 Nf6 5.Nc3 Nc6 6.Bg5 e6 7.Qd2 a6 8.O-O-O Bd7 9.f4 b5 10.a3
{ = } ( 10.Nf3 b4 11.Bxf6 gxf6 12.Ne2 h5 13.Kb1 Qb6 14.e5 fxe5 15.fxe5 d5
16.Qf4 Qc7 17.Ned4 Nxd4 18.Qxd4 Rg8 19.Qf2 a5 20.Bd3 Qc5 21.Nd4 Be7 22.Rhf1
Rg7 23.Be2 h4 24.Bh5 O-O-O 25.c3 Kb7 26.cxb4 axb4 27.Rc1 Qb6 28.Nb3 Qxf2
29.Rxf2 Kb6 { ...0-1, Saric Ivan 2339 - Kozul Zdenko 2576 , Bizovac 24. 2.2005
It (open) } ) 10...Be7 ( 10...Qb6 11.Nb3 b4 12.axb4 Nxb4 13.e5 Nfd5 14.Nxd5
Nxd5 15.f5 Rc8 16.Na5 dxe5 17.Nc4 Qc7 18.Qe2 f6 19.Qh5+ Ke7 20.fxe6 Bxe6
21.Bd2 g6 22.Qf3 Kf7 23.Ba5 Qc5 24.Nxe5+ Kg7 25.Nc4 Bd6 26.Bd3 Bc7 27.Bd2 Nb4
28.Be3 Nxd3+ 29.cxd3 Qd5 30.Qf2 { ...0-1, Kolosowski Pawel 2277 - Miton Kamil
2600 , Dzwirzyno 8.2004 Extra League 2004 } ) 11.Nb3 ( 11.Nf3 Qa5 12.Kb1 b4
13.axb4 Qxb4 14.e5 Rb8 15.b3 Na5 16.Nd4 Ba4 17.Nxa4 Qxa4 18.exf6 gxf6 19.Bh6
Kd7 20.Kb2 d5 21.Ra1 Nc4+ 22.Bxc4 Qxc4 23.f5 e5 24.Ne2 Rhg8 25.g3 { 1-0,
Handke Florian 2516 - Jens Jelmer 2359 , Fuerth 2002 It (open) } ) ( 11.Be2
Rc8 12.Nxc6 Bxc6 13.Bf3 Qc7 14.Rhe1 O-O 15.Bxf6 Bxf6 16.Qxd6 Qa7 17.e5 Rfd8
18.Qb4 Be7 19.Qa5 Bxf3 20.gxf3 h5 21.Ne4 Rxd1+ 22.Rxd1 Qe3+ 23.Qd2 Qxf3 24.Nd6
Rc5 25.Re1 Rd5 26.Qb4 Bh4 27.Qe4 Qf2 28.Rd1 Rxd1+ 29.Kxd1 Qg1+ 30.Kd2 Qxh2+ {
...0-1, Babar Michael 2183 - Gallagher Joseph G 2500 , London 1993 It (open)
"Lloyds Bank" } ) 11...b4 ( 11...h6 12.Bxf6 gxf6 13.Be2 h5 14.Rhf1 Rc8 15.Kb1
Qb6 16.f5 Ne5 17.Nd4 Rc5 18.Qe3 Nc4 19.Bxc4 Rxc4 20.Qd3 Rg8 21.fxe6 fxe6 22.g3
Rg5 23.Nce2 Rgc5 24.c3 a5 25.b4 Re5 26.Rf4 axb4 27.axb4 d5 28.exd5 Rxd5 29.Rd2
f5 30.Ra2 Bg5 31.Ra8+ { ...1/2-1/2, Schula Michal 2230 - Firt Stanislav 2352 ,
Czech Republic 1993 Extra League 1993/94 } ) ( 11...O-O 12.Bxf6 gxf6 13.Be2
Qb6 14.Rhf1 Kh8 15.f5 Ne5 16.Qd4 Qxd4 17.Nxd4 Rg8 18.g3 Rac8 19.Bh5 Rc4
20.Nde2 Rgc8 21.Kb1 Kg8 22.Nd4 exf5 23.Be2 fxe4 24.Bxc4 Nxc4 25.Nd5 Kf8 26.b3
Nxa3+ 27.Kb2 b4 28.c4 Bg4 29.Nxe7 Kxe7 30.Nf5+ Bxf5 31.Rxf5 { ...1-0, Cuartas
Jaime Alexander 2466 - Perpinya Rofes Lluis Maria 2333 , Barbera del Valles 9.
7.2006 It (open) } ) 12.axb4 Nxb4 { +0.00 CAP } 13.Kb1 { N } ( 13.e5 dxe5
14.fxe5 Nfd5 15.Bxe7 Qxe7 16.Nxd5 ( 16.Ne4 O-O 17.Bd3 Ba4 18.Nbc5 Nxd3+
19.Qxd3 Nb4 20.Qg3 Bc6 21.Rd4 Nd5 22.c4 Nb6 23.Nf6+ Kh8 24.Rh4 { 1-0, Kleywegt
Martin - Brouwer Laurens, Arnhem 1996 Ch Netherlands (juniors) (under 16) } )
16...exd5 17.h4 O-O 18.Qg5 Qe8 19.h5 h6 20.Qf4 Rb8 21.Bd3 Be6 22.g4 f6 23.exf6
Rxf6 24.Qd4 Qf8 25.g5 hxg5 26.Rde1 Rf4 27.Qe3 Nxd3+ 28.Qxd3 Re4 29.Nc5 Qf4+
30.Kb1 Qe5 { 0-1, San Segundo Carrillo Pablo 2430 - Rodriguez Orestes 2470 ,
Salamanca 1991 It (cat.10) } ) ( 13.Be2 Bc6 14.Bf3 Qb6 15.Qd4 Rb8 16.Qxb6 Rxb6
17.Na5 Bb5 18.Rd4 Nc6 19.Nxb5 Nxa5 20.Na3 O-O 21.Ra4 Nc6 22.e5 Nd5 23.Bxe7
Ncxe7 24.Nc4 Rc6 25.Nxd6 Rb8 26.g3 Rc5 27.Rd1 a5 28.Rc4 Rxc4 29.Nxc4 a4 30.Rd3
h6 31.Ra3 Rb4 32.Be2 g5 { ...1-0, Manik Mikulas 2447 - Kolesar Milan 2197 ,
Bratislava 1999 It (open) "Slovan" } ) 13...Rb8 14.Be2 a5 15.Bxf6 gxf6 16.f5
Qb6 17.fxe6 fxe6 18.Qd4 Qc7 19.Qc4 Qxc4 20.Bxc4 Rg8 21.Nd4 Rxg2 22.Bxe6 { ?! }
( 22.Rdg1 { !? } 22...Rxg1+ 23.Rxg1 Kf7 24.Rg3 Bf8 25.Rh3 h6 26.Rg3 Ke7 27.Be2
Nc6 28.Nb3 Rb4 { } ) 22...Bxe6 23.Nxe6 Nxc2 24.Nc7+ Kf7 25.N7b5 Ne3 26.Rd4 f5
27.exf5 Bf6 28.Rd3 Nc4 29.b3 Na3+ { } {#R} 0-1

[Event "Ch Slovenia (team)"]
[Site "masterchessopen.com Murska Sobota (Slovenia)"]
[Date "2006.11.27"]
[Round "3"]
[White "Volokitin Andrei (UKR)"]
[Black "Nevednichy Vladislav (ROM)"]
[Result "1-0"]
[WhiteElo "2645"]
[BlackElo "2563"]

1.e4 c5 2.Nf3 d6 3.d4 cxd4 4.Nxd4 Nf6 5.Nc3 Nc6 6.Bg5 e6 7.Qd2 a6 8.O-O-O Bd7
9.f4 b5 10.Bxf6 gxf6 11.Kb1 Qb6 12.Nce2 Na5 13.b3 Nb7 14.Ng3 Nc5 15.Be2 O-O-O
16.Bh5 Be8 17.Rhe1 Rg8 18.Bf3 Be7 19.Nf1 Kb8 20.Ne3 Rc8 21.Ndf5 exf5 22.Nd5
Qa7 23.exf5 Bd8 24.Nxf6 Bxf6 25.Qxd6+ Qc7 26.Qxf6 Bd7 27.Rd6 Nb7 28.Rxd7 {#r}
1-0

[Event "Memorial Sinitsina"]
[Site "masterchessopen.com Dnepropetrovsk (Ukraine)"]
[Round "10"]
[White "Pulyaev Valentin (UKR)"]
[Black "Maximov Dmitry (UKR)"]
[Result "0-1"]
[WhiteElo "2131"]
[BlackElo "2446"]

1.e4 c5 2.Nf3 d6 3.d4 cxd4 4.Nxd4 Nf6 5.Nc3 Nc6 6.Bg5 e6 7.Qd2 a6 8.O-O-O Bd7
9.Kb1 h6 10.Bh4 Qb6 11.Nb3 Qc7 12.f4 b5 13.Bd3 Be7 14.g4 g5 15.fxg5 Nxg4
16.Qf4 Nge5 17.Rdf1 Rh7 18.Nd5 exd5 19.exd5 hxg5 20.Bxg5 Nxd3 21.Qe4 f5
22.Qxd3 Ne5 23.Qd2 O-O-O 24.Bxe7 Rxe7 25.Nd4 Nc4 26.Qg5 Rde8 27.Nxf5 Re5
28.Qf6 Bxf5 {#R} 0-1